Normal view MARC view

Entry Personal Name

Number of records used in: 1

001 - CONTROL NUMBER

  • control field: 1235730

003 - CONTROL NUMBER IDENTIFIER

  • control field: OSt

005 - DATE AND TIME OF LATEST TRANSACTION

  • control field: 20260427105834.0

008 - FIXED-LENGTH DATA ELEMENTS

  • fixed length control field: 260427|| aca||aabn | a|a d

040 ## - CATALOGING SOURCE

  • Original cataloging agency: OSt
  • Transcribing agency: OSt

100 ## - HEADING--PERSONAL NAME

  • Personal name: Edward E. Curtis IV

670 ## - SOURCE DATA FOUND

  • Source citation: Work cat.: (OSt)1848553: Edward E. Curtis IV, Across the Worlds of Islam: Muslim Identities, Beliefs, and Practices from Asia to America, 2023
Copyright @ Delhi University Library System